Unit 3 Civil Liberties Part 1 - Statistics

General Stats
  • This quiz has been taken 56 times
  • The average score is 12 of 15
Answer Stats
Hint Answer % Correct
freedom of religion, assembly, press, petition, and speech are in the __ amendment (1st, 2nd, 4th, 8th) 1st
93%
the first 10 amendments are called the bill of rights
93%
the right to bear arms refers to the __ amendment (1st, 2nd, 4th, 8th) 2nd
86%
freedom of __ speaking out against the government (assemble, petition, press, speech, religion) petition
86%
freedom of __ means right to practice or worship any beliefs such as Christianity, Buddhism, Islam, Hinduism, Judaism, etc. (assemble, petition, press, speech, religion) religion
86%
freedom of __ means meet in a group in a public place (assemble, petition, press, speech, religion) assemble
82%
the government cannot tell you how to practice your religion describes the __ clause free exercise
82%
freedom of __ right for newspapers and media outlets to report information as long as it is not misleading (assemble, press, petition, speech, religion) press
82%
applying the bill of rights to the states is called selective incorporation
82%
the __ court case Amish teens can stop attending school at 8th grade because a state law requiring attendance in school to 16 violates the free exercise clause in practicing their religion wisconsin v yoder
75%
the __ court case bans school issued prayer because it violates the establishment clause because the state of New York cannot create a stat prayer and have kids recite it engel v vitale
68%
the government cannot create or promote a religion describes the __ clause establishment
68%
the __ court case the 2nd amendment is incorporated into the states because a city wide handgun ban law is unconstitutional because a man can purchase a handgun for self defense mcdonald v chicago
68%
what part of the 14th amendment does selective incorporation use the ___ clause due process
64%
protections against the government civil liberties
61%
No matching quizzes found
Score Distribution
Percent of People with Each Score
Percentile by Number Answered
Your Score History
You have not taken this quiz